000 00693nam a2200265Ia 4500
003 OSt
005 20220925202206.0
006 a|||||r|||| 00| 0
007 ta
008 220923b |||||||| |||| 00| 0 eng d
020 _a9788177589238
037 _cGeneral Book
040 _aRTL
_cRTL
_beng
041 _2eng
_aeng
082 _aXM8, N6;N9
100 _aBENNETT Roger
_9142656
245 0 _aInternational business
250 _a2nd
260 _aDelhi
_bPearson Education
_c1999
300 _axiv,402p
_ccm.
500 _aBibliography p: 391-99
650 _aMultinational
942 _hXM8, N6;N9
_cGB
_2CC
999 _c542739
_d542739